00354cam a22000977a 4500008004000000082001800040245010700058260004600165300000900211700003600220180718b1950 xxu||||| |||| 00| 0 eng d aI5001 G2/1950 aDescriptive memoir, Department of Parliamentary Affairs, June 1950cby Ministry of Home Affairs, India aNew DelhibMinistry of Home Affairsc1950 a4+p. aIndia. Ministry of Home Affairs